[Event "Zlin Region-chT 2223"]
[Site "Czech Republic"]
[Date "2022.11.27"]
[Round "4.2"]
[White "Brazdil, Roman"]
[Black "Kubiczek, Michal"]
[Result "0-1"]
[WhiteElo "2074"]
[BlackElo "1924"]
[PlyCount "84"]
[EventDate "2022.10.09"]
[EventType "team-tourn"]
[EventRounds "11"]
[EventCountry "CZE"]
[SourceTitle "EXT 2024"]
[Source "ChessBase"]
[SourceDate "2023.10.10"]
[SourceVersion "1"]
[SourceVersionDate "2023.10.10"]
[SourceQuality "1"]
[WhiteTeam "Postoupky Sokol"]
[BlackTeam "Zlin Malenovice"]
[WhiteTeamCountry "CZE"]
[BlackTeamCountry "CZE"]

1. e4 c6 2. d4 d5 3. exd5 cxd5 4. Bd3 Nc6 5. c3 Nf6 6. Bf4 Bg4 7. Nf3 e6 8. Nbd2 Bd6 9. Bxd6 Qxd6 10. 0-0 0-0 11. Re1 a6 12. h3 Bxf3 13. Nxf3 Nd7 14. Qe2 h6 15. Rac1 Rac8 16. Bb1 b5 17. a3 Na5 18. Qc2 f5 19. Qe2 Rc6 20. Bd3 Nc4 21. Ra1 Rb8 22. Rec1 a5 23. b4 Ra6 24. Bxc4 dxc4 25. Re1 Rba8 26. Rac1 axb4 27. axb4 Nf6 28. Ne5 Nd5 29. Qh5 Rf8 30. Rc2 Ra3 31. Rec1 Nf6 32. Qe2 Rfa8 33. Qf3 Qd5 34. Qe2 Qe4 35. Qxe4 Nxe4 36. Kf1 Ra2 37. f3 Rxc2 38. Rxc2 Ra1+ 39. Ke2 Ng3+ 40. Ke3 g5 41. d5 f4+ 42. Kd4 Rd1+ 0-1

[Event "CZE-ch U16"]
[Site "Luhacovice"]
[Date "2022.03.15"]
[Round "5"]
[White "Vasinek, Martin"]
[Black "Kubiczek, Michal"]
[Result "1-0"]
[WhiteElo "1594"]
[BlackElo "1720"]
[PlyCount "63"]
[EventDate "2022.03.12"]
[EventType "swiss"]
[EventRounds "9"]
[EventCountry "CZE"]
[SourceTitle "EXT 2023"]
[Source "ChessBase"]
[SourceDate "2022.10.05"]
[SourceVersion "1"]
[SourceVersionDate "2022.10.05"]
[SourceQuality "1"]

1. d4 d5 2. c4 e6 3. Nf3 Nf6 4. e3 Be7 5. Bd3 dxc4 6. Bxc4 c5 7. 0-0 cxd4 8. Nxd4 0-0 9. Nc3 Qc7 10. b3 a6 11. Bb2 b5 12. Bd3 Bb7 13. Rc1 Qb6 14. Qe2 Rd8 15. Rfd1 Nbd7 16. a3 Rac8 17. Bb1 h6 18. Kh1 Bd6 19. f3 Nf8 20. b4 Be5 21. Na2 Bd5 22. f4 Bb8 23. Nc3 Ba8 24. Na2 N8d7 25. Nf3 Be4 26. Rxc8 Rxc8 27. Bxe4 Nxe4 28. Rxd7 Bd6 29. Ne5 f6 30. Bd4 Qb8 31. Qh5 Rf8 32. Qg6 1-0

[Event "CZE-ch U16"]
[Site "Luhacovice"]
[Date "2022.03.14"]
[Round "4"]
[White "Kubiczek, Michal"]
[Black "Bezdek, Tomas"]
[Result "0-1"]
[WhiteElo "1720"]
[BlackElo "1855"]
[PlyCount "62"]
[EventDate "2022.03.12"]
[EventType "swiss"]
[EventRounds "9"]
[EventCountry "CZE"]
[SourceTitle "EXT 2023"]
[Source "ChessBase"]
[SourceDate "2022.10.05"]
[SourceVersion "1"]
[SourceVersionDate "2022.10.05"]
[SourceQuality "1"]

1. d4 Nf6 2. c4 e6 3. g3 d5 4. Nf3 b6 5. Bg2 Bb7 6. 0-0 Be7 7. Nc3 0-0 8. Ne5 c5 9. cxd5 exd5 10. dxc5 Bxc5 11. Qa4 Qe7 12. Bf4 d4 13. Bxb7 Qxb7 14. Nb5 Nc6 15. Nxc6 Qxc6 16. Qc4 Qd7 17. b4 Qh3 18. f3 Be7 19. Nxd4 Rac8 20. Qb3 Rfd8 21. Rad1 Nd5 22. Bd2 Bf6 23. Nc2 Re8 24. e4 Nc3 25. Rde1 Red8 26. Rf2 Rd3 27. Re3 Ne2+ 28. Rfxe2 Rxb3 29. Rxb3 Rxc2 30. e5 Be7 31. Ra3 Qd7 0-1